Megfestik Honvéd utcáit, szegénységét
Elmentve itt :
| Szerzők: | |
|---|---|
| Dokumentumtípus: | Cikk |
| Megjelent: |
2006-12-08
|
| Sorozat: | Délmagyarország
96 No. 287 |
| Kulcsszavak: | Hézső Ferenc, Szántó János, Makó, Képzőművészet festészet, Városrész Makó - Honvéd |
| Online Access: | http://dmarchiv.bibl.u-szeged.hu/137394 |
| LEADER | 00623nab a2200181 i 4500 | ||
|---|---|---|---|
| 001 | delm137394 | ||
| 005 | 20191205131939.0 | ||
| 008 | 191205s2006 hu o 0|| hun d | ||
| 040 | |a SZTE Délmagyarország Archívum |b hun | ||
| 041 | |a hun | ||
| 100 | 1 | |a Illyés Szabolcs | |
| 245 | 1 | 0 | |a Megfestik Honvéd utcáit, szegénységét |h [elektronikus dokumentum] / |c Illyés Szabolcs |
| 260 | |c 2006-12-08 | ||
| 300 | |a 7 | ||
| 490 | 0 | |a Délmagyarország |v 96 No. 287 | |
| 695 | |a Hézső Ferenc, Szántó János, Makó, Képzőművészet festészet, Városrész Makó - Honvéd | ||
| 700 | 0 | 1 | |a Hézső Ferenc |e aut |
| 700 | 0 | 1 | |a Szántó János |e aut |